[Event "IECC CL7-1999.39"]
[Site "IECC email"]
[Date "1999.09.25"]
[Round "?"]
[White "Radonich, Wayne"]
[Black "Cravens, Earl"]
[Result "0-1"]
[WhiteElo "937"]
[BlackElo "1098"]
[PlyCount "90"]
[EventDate "1999.??.??"]
[EventType "tourn (corr)"]
[EventRounds "4"]
[SourceTitle "Corr 2008"]
[Source "ChessBase"]
[SourceDate "2008.06.24"]
[SourceVersion "1"]
[SourceVersionDate "2008.06.24"]
[SourceQuality "1"]

1. e4 e5 2. Nc3 Bb4 3. Qg4 g6 4. Nf3 d6 5. Qg5 Qxg5 6. Nxg5 Bxc3 7. dxc3 h6 8. Nh3 Be6 9. Bb5+ c6 10. Bd3 Nd7 11. f3 0-0-0 12. 0-0 Bxh3 13. gxh3 Ngf6 14. b4 Nb6 15. Be3 Kb8 16. Rab1 Na4 17. Bd2 Nh5 18. Bc4 d5 19. Be2 Nf4 20. Bxf4 exf4 21. Rb3 dxe4 22. fxe4 g5 23. Ra3 Nb6 24. c4 Rd2 25. c5 Rxe2 26. cxb6 axb6 27. Rd1 Rxc2 28. Rad3 Rxa2 29. Rd7 Re8 30. R7d2 Rxd2 31. Rxd2 Rxe4 32. Rb2 f5 33. Kf1 Kc8 34. b5 Kc7 35. h4 g4 36. bxc6 bxc6 37. Kf2 b5 38. h5 f3 39. Kg3 Kd6 40. Kf2 Re2+ 41. Rxe2 fxe2 42. Kxe2 Ke5 43. Kf2 f4 44. Ke2 Ke4 45. Kf2 Kd3 0-1

[Event "IECC CL7-1999.21"]
[Site "IECC email"]
[Date "1999.05.01"]
[Round "?"]
[White "Radonich, Wayne"]
[Black "Wallace, Richard"]
[Result "1-0"]
[WhiteElo "896"]
[BlackElo "849"]
[PlyCount "61"]
[EventDate "1999.??.??"]
[EventType "tourn (corr)"]
[EventRounds "4"]
[SourceTitle "Corr 2008"]
[Source "ChessBase"]
[SourceDate "2008.06.24"]
[SourceVersion "1"]
[SourceVersionDate "2008.06.24"]
[SourceQuality "1"]

1. e4 e5 2. Nc3 Nc6 3. Nf3 Bc5 4. g3 b6 5. a3 Nf6 6. d3 Ba6 7. Bh3 0-0 8. 0-0 Nh5 9. Bg5 Qe8 10. Nh4 f6 11. Bg4 fxg5 12. Bxh5 Qe7 13. Nf5 Qf6 14. Nd5 Qe6 15. Qg4 Ne7 16. Nxc7 Qf6 17. Nxa6 Nxf5 18. exf5 g6 19. Nxc5 bxc5 20. fxg6 hxg6 21. Qc4+ Kg7 22. f4 gxh5 23. Qd5 Rad8 24. Qxc5 Rc8 25. Qxa7 h4 26. Qxd7+ Rf7 27. Qxc8 Rf8 28. Qc4 hxg3 29. hxg3 e4 30. Qxe4 Rh8 31. Rae1 1-0

[Event "IECC CL7-1999.18"]
[Site "IECC email"]
[Date "1999.03.28"]
[Round "?"]
[White "Huang, Peter"]
[Black "Radonich, Wayne"]
[Result "1-0"]
[WhiteElo "1195"]
[BlackElo "995"]
[PlyCount "56"]
[EventDate "1999.??.??"]
[EventType "tourn (corr)"]
[EventRounds "4"]
[SourceTitle "Corr 2008"]
[Source "ChessBase"]
[SourceDate "2008.06.24"]
[SourceVersion "1"]
[SourceVersionDate "2008.06.24"]
[SourceQuality "1"]

1. e4 Nc6 2. d4 Nf6 3. e5 Ne4 4. f3 d5 5. fxe4 dxe4 6. Be3 Qd5 7. Nc3 Qa5 8. Qd2 e6 9. Nxe4 f5 10. exf6 Bb4 11. fxg7 Rg8 12. c3 Be7 13. Bh6 Qd5 14. Bd3 Kd7 15. Nc5+ Bxc5 16. Bxh7 Ne7 17. Bxg8 Bd6 18. Bh7 b6 19. Bg5 Bb7 20. Bxe7 Bxe7 21. Nf3 e5 22. Nxe5+ Kd8 23. g8Q+ Qxg8 24. Bxg8 Kc8 25. Qh6 Bxg2 26. 0-0-0 Bxh1 27. Rxh1 Kb7 28. Qc6+ Kb8 1-0

[Event "IECC CL7-1999.18"]
[Site "IECC email"]
[Date "1999.03.28"]
[Round "?"]
[White "Radonich, Wayne"]
[Black "Gumminger, Fred"]
[Result "1-0"]
[WhiteElo "920"]
[BlackElo "960"]
[PlyCount "24"]
[EventDate "1999.??.??"]
[EventType "tourn (corr)"]
[EventRounds "4"]
[SourceTitle "Corr 2008"]
[Source "ChessBase"]
[SourceDate "2008.06.24"]
[SourceVersion "1"]
[SourceVersionDate "2008.06.24"]
[SourceQuality "1"]

1. e4 c5 2. Nh3 Nf6 3. Na3 e5 4. f4 d6 5. g3 exf4 6. Nxf4 Nxe4 7. Qe2 f5 8. d3 Qa5+ 9. Kd1 Qa6 10. dxe4 fxe4 11. Qxe4+ Be7 12. Bxa6 bxa6 1-0

[Event "IECC CL7-1999.14"]
[Site "IECC email"]
[Date "1999.02.27"]
[Round "?"]
[White "Karlsson, Roger"]
[Black "Radonich, Wayne"]
[Result "1-0"]
[WhiteElo "927"]
[BlackElo "972"]
[PlyCount "77"]
[EventDate "1999.??.??"]
[EventType "tourn (corr)"]
[EventRounds "4"]
[SourceTitle "Corr 2008"]
[Source "ChessBase"]
[SourceDate "2008.06.24"]
[SourceVersion "1"]
[SourceVersionDate "2008.06.24"]
[SourceQuality "1"]

1. e4 Nc6 2. Bc4 e6 3. Qe2 Nf6 4. Nc3 Nb4 5. Bb3 c6 6. a3 Na6 7. d3 Qa5 8. Bd2 Nb4 9. Nf3 Bc5 10. d4 Be7 11. 0-0 b5 12. axb4 Qxb4 13. Nd5 Qd6 14. e5 Nxd5 15. exd6 Bxd6 16. Bxd5 cxd5 17. Qxb5 0-0 18. Ne5 Rb8 19. Nxd7 Rxb5 20. Nxf8 Kxf8 21. Rxa7 Bb7 22. b3 f5 23. c4 Rxb3 24. cxd5 exd5 25. g3 h5 26. h4 g6 27. Bg5 Kf7 28. Kg2 Ke6 29. Re1+ Kd7 30. Bf4 Bf8 31. Rc1 Bg7 32. Rc7+ Ke8 33. Rxg7 Kf8 34. Rgxb7 Rxb7 35. Rxb7 Kg8 36. Rd7 Kf8 37. Rxd5 Kf7 38. Re5 Kf6 39. d5 1-0

[Event "IECC CL7-1999.14"]
[Site "IECC email"]
[Date "1999.02.27"]
[Round "?"]
[White "Radonich, Wayne"]
[Black "Possolo, Miguel"]
[Result "0-1"]
[WhiteElo "912"]
[BlackElo "1165"]
[PlyCount "84"]
[EventDate "1999.??.??"]
[EventType "tourn (corr)"]
[EventRounds "4"]
[SourceTitle "Corr 2008"]
[Source "ChessBase"]
[SourceDate "2008.06.24"]
[SourceVersion "1"]
[SourceVersionDate "2008.06.24"]
[SourceQuality "1"]

1. d4 e6 2. c3 Nf6 3. e3 d5 4. Qa4+ Bd7 5. Qb3 b6 6. Nf3 c5 7. Ne5 Nc6 8. g3 c4 9. Qc2 Bd6 10. Nxd7 Nxd7 11. Nd2 0-0 12. b3 b5 13. bxc4 bxc4 14. Nxc4 dxc4 15. Bxc4 Na5 16. Bd3 Nb6 17. 0-0 g6 18. Bb2 Nbc4 19. Bc1 Rb8 20. Qe2 Qc7 21. Rb1 Ba3 22. Bd2 Bb2 23. h4 Na3 24. Qg4 Nxb1 25. Rxb1 Nc4 26. Be1 Na3 27. Rd1 Bxc3 28. f4 Bxe1 29. Rxe1 Qc3 30. Qe2 Rb2 31. Qf1 Rxa2 32. Rb1 Nxb1 33. Bxb1 Ra1 34. Kh2 Qb2+ 35. Kh3 Rxb1 36. Qf3 Qb5 37. g4 f5 38. g5 Qf1+ 39. Qxf1 Rxf1 40. Kg2 Rc1 41. Kf2 a5 42. Ke2 Rfc8 0-1